000 00712cam a2200229 4500
001 WB3630-08
008 000000n2000 000 0 eng u
035 _a(Sirsi) u107525
245 _aHigher rents
260 _c2000
490 _aIrish Times
_v2 August 2000, 24(1)
520 _aLatest findings from the IPD show that Irish commercial property returns have increased by 6% in 2Q 2000. Table.
590 _aWB
650 _aIRELAND
650 _aPROPERTY-COMMERCIAL PROPERTY
650 _aTOTAL RETURNS
650 _aPROPERTY INVESTMENT
650 _aRENTAL GROWTH
650 _aCAPITAL VALUES
690 _aPROPERTY-COMMERCIAL PROPERTY-COMMERCIAL PROPERTY FINANCE AND INVESTMENT
942 _n0
999 _c64266
_d64266